Every Micropolitan Area in U.S. (Last 38) - Statistics

General Stats
  • This quiz has been taken 4 times
  • The average score is 13 of 38
Answer Stats
# State(s) Population Micro Area % Correct
528 Oregon 16,912 Baker City
100%
535 Alaska 13,738 Ketchikan
100%
533 Massachusetts 14,444 Nantucket
100%
505 South Dakota 20,667 Pierre
100%
503 Massachusetts 20,819 Vineyard Haven
100%
526 Nevada 17,136 Winnemucca
100%
523 California 18,527 Bishop
67%
520 South Dakota 19,591 Huron
67%
521 New Mexico 19,444 Los Alamos
67%
502 Washington 20,820 Othello
67%
532 South Dakota 15,431 Vermillion
67%
522 Texas 18,664 Andrews
33%
514 Texas 20,033 Borger
33%
510 Oklahoma 20,371 Guymon
33%
501 Kansas 21,067 Liberal
33%
517 Texas 19,696 Port Lavaca
33%
507 Utah 20,609 Price
33%
515 New Mexico 20,029 Ruidoso
33%
525 Iowa 18,056 Spirit Lake
33%
508 Iowa 20,567 Storm Lake
33%
534 Texas 14,306 Sweetwater
33%
536 Texas 13,736 Zapata
33%
531 Kansas 16,016 Atchison
0%
509 Iowa 20,522 Carroll
0%
512 Mississippi 20,077 Clarksdale
0%
519 Georgia 19,631 Cordele
0%
518 Minnesota 19,657 Fairmont
0%
527 Georgia 17,128 Fitzgerald
0%
511 Kentucky 20,195 Franklin
0%
524 Texas 18,347 Hereford
0%
504 Missouri 20,695 Maryville
0%
513 Texas 20,037 Raymondville
0%
530 Texas 16,212 Snyder
0%
529 Iowa 16,511 Spencer
0%
506 Colorado 20,619 Sterling
0%
538 Texas 11,770 Town of Pecos
0%
537 Texas 12,522 Vernon
0%
516 Oklahoma 19,947 Woodward
0%
No matching quizzes found
Score Distribution
Percent of People with Each Score
Percentile by Number Answered
Your Score History
You have not taken this quiz